| 000 | 00887nam a22002057a 4500 | ||
|---|---|---|---|
| 999 |
_c6035 _d6035 |
||
| 003 | AR-CdUCM | ||
| 008 | 190313b ||||| |||| 00| 0 spa d | ||
| 040 |
_aMUNICIPALIDAD PROVINCIAL DEL CUSCO _cBIBLIOTECA MUNICIPAL DEL CUSCO |
||
| 082 |
_a384 / _bG39 |
||
| 100 |
_aGerace Larufa, Frank _917617 |
||
| 245 |
_aComunicacion Horizontal : _bCambios de Estructuras y movilizacion social / |
||
| 260 |
_aPerú : _bLibreria Studium , _c1971 |
||
| 300 |
_a137 páginas ; _c16.2 cm. |
||
| 505 | _aContenido : Hacia una tercera comunicacion -- Comunicacion informacion -- Participacion y comunicacion -- Modelos de comunicacion participada -- Diapositivas -- Videotape -- Experiencia de video tape en barriadas... | ||
| 650 |
_aComunicaciones _917618 |
||
| 650 |
_aTelecomunicaciones _917619 |
||
| 650 |
_aCiencias de la Informacion y Comunicacion _917620 |
||
| 942 |
_2ddc _cLIBROS |
||
| 945 | _artm | ||